| 000 | 00771nam a22002417a 4500 | ||
|---|---|---|---|
| 999 |
_c7966 _d7966 |
||
| 003 | OSt | ||
| 005 | 20220810100402.0 | ||
| 008 | 220810b ||||| |||| 00| 0 eng d | ||
| 020 | _a9789387506640 | ||
| 040 | _cNLM | ||
| 082 |
_aWB105 _bM338m 2021 |
||
| 100 |
_a Paul L. Marino; Samuel M. Galvagno _916179 |
||
| 245 | _aMarino's ICU book | ||
| 250 | _a4th ed. | ||
| 260 |
_aPhiladelphia : _bWolters Kluwer,; _c2021 |
||
| 300 |
_axv, 887 pages ; _c19 cm. |
||
| 504 | _aIncludes bibliographical references and index. | ||
| 650 |
_aCritical care medicine -- Handbooks, manuals, etc. _916180 |
||
| 650 |
_aCritical Care. _910626 |
||
| 650 |
_aIntensive care units -- Handbooks, manuals, etc. _916181 |
||
| 650 |
_aIntensive Care Units. _916182 |
||
| 942 |
_2z _cBOOK |
||